<?xml version="1.0" encoding="UTF-8"?>
<collection xmlns="http://www.loc.gov/MARC21/slim">
 <record>
  <leader>01208nam a22002895a 4500</leader>
  <controlfield tag="001">CEM.cems001229</controlfield>
  <controlfield tag="005">20060213000000.0</controlfield>
  <controlfield tag="008">130507s1964##################000#0#####d</controlfield>
  <controlfield tag="003">CEMS</controlfield>
  <datafield tag="082" ind1="0" ind2="4">
   <subfield code="a">571</subfield>
  </datafield>
  <datafield tag="100" ind1="1" ind2=" ">
   <subfield code="a">Brodrick, Houghton</subfield>
  </datafield>
  <datafield tag="245" ind1="1" ind2="0">
   <subfield code="a">El hombre prehistórico /</subfield>
   <subfield code="c">Houghton Brodrick</subfield>
  </datafield>
  <datafield tag="250" ind1=" " ind2=" ">
   <subfield code="a">2a. ed.</subfield>
  </datafield>
  <datafield tag="260" ind1=" " ind2=" ">
   <subfield code="a">México :</subfield>
   <subfield code="b">Fondo de Cultura Econ¢mica,</subfield>
   <subfield code="c">1964</subfield>
  </datafield>
  <datafield tag="300" ind1=" " ind2=" ">
   <subfield code="a">422 p.</subfield>
  </datafield>
  <datafield tag="505" ind1="0" ind2=" ">
   <subfield code="a">r¡as sudafricanas.-EUROPA: hallazgos; neandertaloides, hombre moderno; hombre del Paleol¡tico Sup.: Cro-magnon y Combe-Capelle.- ARTE DEL PALEOLITICO SUP.: cueva de Lascaux; culturas; bases de la civilizaci¢n.</subfield>
  </datafield>
  <datafield tag="653" ind1=" " ind2=" ">
   <subfield code="a">Amerindios</subfield>
  </datafield>
  <datafield tag="653" ind1=" " ind2=" ">
   <subfield code="a">Antropologia</subfield>
  </datafield>
  <datafield tag="653" ind1=" " ind2=" ">
   <subfield code="a">Arqueologia</subfield>
  </datafield>
  <datafield tag="653" ind1=" " ind2=" ">
   <subfield code="a">Arte prehistorico</subfield>
  </datafield>
  <datafield tag="653" ind1=" " ind2=" ">
   <subfield code="a">Culturas prehistoricas</subfield>
  </datafield>
  <datafield tag="859" ind1=" " ind2=" ">
   <subfield code="a">CEMS</subfield>
   <subfield code="b">BIB. CEMS - 11 de abril</subfield>
   <subfield code="h">571</subfield>
   <subfield code="i">B784a2</subfield>
   <subfield code="p">14884.87</subfield>
   <subfield code="t">Ej.6</subfield>
  </datafield>
  <datafield tag="859" ind1=" " ind2=" ">
   <subfield code="a">CEMS</subfield>
   <subfield code="b">BIB. CEMS - 11 de abril</subfield>
   <subfield code="h">571</subfield>
   <subfield code="i">B784a2</subfield>
   <subfield code="p">3472.75</subfield>
   <subfield code="t">Ej.1</subfield>
  </datafield>
  <datafield tag="859" ind1=" " ind2=" ">
   <subfield code="a">CEMS</subfield>
   <subfield code="b">BIB. CEMS - 11 de abril</subfield>
   <subfield code="h">571</subfield>
   <subfield code="i">B784a2</subfield>
   <subfield code="p">3473.75</subfield>
   <subfield code="t">Ej.2</subfield>
  </datafield>
  <datafield tag="859" ind1=" " ind2=" ">
   <subfield code="a">CEMS</subfield>
   <subfield code="b">BIB. CEMS - 11 de abril</subfield>
   <subfield code="h">571</subfield>
   <subfield code="i">B784a2</subfield>
   <subfield code="p">5465.76</subfield>
   <subfield code="t">Ej.3</subfield>
  </datafield>
  <datafield tag="859" ind1=" " ind2=" ">
   <subfield code="a">CEMS</subfield>
   <subfield code="b">BIB. CEMS - 11 de abril</subfield>
   <subfield code="h">571</subfield>
   <subfield code="i">B784a2</subfield>
   <subfield code="p">5697.76</subfield>
   <subfield code="t">Ej.4</subfield>
  </datafield>
  <datafield tag="859" ind1=" " ind2=" ">
   <subfield code="a">CEMS</subfield>
   <subfield code="b">BIB. CEMS - 11 de abril</subfield>
   <subfield code="h">571</subfield>
   <subfield code="i">B784a2</subfield>
   <subfield code="p">5698.76</subfield>
   <subfield code="t">Ej.5</subfield>
  </datafield>
 </record>
</collection>
